000 01018nam2a22002411 4500
001 rc\1114439
005 20250622192219.0
035 _a(NLR Aleph) 006378437
090 _a5061274
_c5061274
100 _a20041126d1982 |||y0rusy50 ca
101 0 _arus
102 _aRU
105 _ay |||||||||
200 1 _aФизика и химия океана. Ч. 2
210 _d1982
_aБ. м.
215 _a140 с.
320 _aУказ. имен.: с. 134-138
461 0 _1001rc\1114433
_12001#$aВторой Всесоюзный съезд океанологов, Ялта, 10-17 декабря 1982 г.$eТез. докл.$vВып. 4
_95061221
_aВсесоюзный съезд океанологов (2 ; 1982 ; Ялта)
_cСевастополь
_d1982-
_nМГИ
_oТез. докл.
_tВторой Всесоюзный съезд океанологов, Ялта, 10-17 декабря 1982 г.
_vВып. 4
801 0 _aRU
_bNLR
_gpsbo
801 1 _aRU
_bELAR
_2rusmarc
852 _aNLR
_j83-3/6060
942 _cBOOK
980 _aNB